000 00453nmm a2200145Ia 4500
008 251105s9999||||xx |||||||||||||||||und||
041 _acat
100 _aMarrese, Emilio
245 0 _aRosa de foc: una novel·la d'intriga sobre el Barça i la guerra civil
264 _a[Madrid, España] :
_bEdiciones B,
_c2013
300 _a352 páginas
650 _aThriller & Suspense
856 _uhttps://public.digitaliapublishing.com/a/53261
942 _cCF
999 _c104743
_d104743